Ulkomaankauppa 1982

Guardado en:
Detalles Bibliográficos
Formato: Libro
Lenguaje:finés
Publicado: Helsinky Tullihallitus 1983
Etiquetas: Agregar Etiqueta
Sin Etiquetas, Sea el primero en etiquetar este registro!

MARC

LEADER 00000nam a2200000 4500
001 c136259
005 20251203141408.5
041 0 |a fin 
044 |a FI 
245 1 0 |a Ulkomaankauppa 1982 
264 1 |a Helsinky  |b Tullihallitus  |c 1983 
300 |a 254 s.